[Event "Titled Tuesday 2021.01.19"]
[Site "Chess.com INT"]
[Date "2021.01.19"]
[Round "1"]
[White "Preotu, Razvan"]
[Black "Dudzinski, Pawel"]
[Result "1-0"]
[WhiteElo "2487"]
[BlackElo "2201"]
[WhiteFideId "-1"]
[WhiteFideId "-1"]
[PlyCount "103"]
[GameId "1608592119521280"]
[EventDate "2021.01.19"]
[EventType "swiss (blitz)"]
[EventRounds "11"]
[EventCountry "NET"]
[SourceTitle "CBM 200 Extra"]
[Source "ChessBase"]
[SourceDate "2021.03.31"]
[SourceVersion "1"]
[SourceVersionDate "2021.03.31"]
[SourceQuality "1"]

1. e4 c6 2. Nc3 d5 3. Nf3 dxe4 4. Nxe4 Nf6 5. Qe2 Nxe4 6. Qxe4 Qa5 7. Bc4 Bf5 8. Qe2 e6 9. O-O Bd6 10. Nd4 O-O 11. Nxf5 Qxf5 12. d4 Nd7 13. Bd2 Nf6 14. h3 Qxc2 15. Bd3 Qa4 16. Bc3 Bb4 17. Rfb1 Qa5 18. Qc2 Bxc3 19. bxc3 Qc7 20. a4 b6 21. a5 b5 22. a6 Rab8 23. g3 Rb6 24. Ra2 Rfb8 25. Qd2 h6 26. Bf1 Qd6 27. Bg2 b4 28. cxb4 Rxb4 29. Rc1 Rb1 30. Rac2 Rxc1+ 31. Rxc1 Rb6 32. Qd3 Nd5 33. Qc4 g6 34. Bf1 Kg7 35. Qc5 Qxc5 36. dxc5 Rb4 37. Kg2 Kf6 38. Kf3 Ke5 39. Rd1 Rb3+ 40. Kg2 Rb2 41. Kf3 Ra2 42. Rb1 Ra3+ 43. Kg2 Ra2 44. Kg1 Nc3 45. Rb7 Ne2+ 46. Kg2 Nd4 47. Rxa7 Nb3 48. Rxf7 Nxc5 49. a7 Ne4 50. Bc4 Nd6 51. Bxa2 Nxf7 52. a8=Q 1-0

[Event "Titled Tuesday 2021.01.19"]
[Site "Chess.com INT"]
[Date "2021.01.19"]
[Round "2"]
[White "Yirik, Volkan"]
[Black "Preotu, Razvan"]
[Result "0-1"]
[WhiteElo "1957"]
[BlackElo "2487"]
[WhiteFideId "-1"]
[WhiteFideId "-1"]
[PlyCount "54"]
[GameId "1608592119844864"]
[EventDate "2021.01.19"]
[EventType "swiss (blitz)"]
[EventRounds "11"]
[EventCountry "NET"]
[SourceTitle "CBM 200 Extra"]
[Source "ChessBase"]
[SourceDate "2021.03.31"]
[SourceVersion "1"]
[SourceVersionDate "2021.03.31"]
[SourceQuality "1"]

1. e4 c5 2. Nc3 d6 3. f4 g6 4. Nf3 Bg7 5. Bc4 Nc6 6. O-O e6 7. d3 Nge7 8. Qe1 O-O 9. f5 gxf5 10. Qh4 fxe4 11. dxe4 Ng6 12. Qh5 Nce5 13. Be2 Nxf3+ 14. Bxf3 Qh4 15. Qxh4 Nxh4 16. Bf4 Bd4+ 17. Kh1 Be5 18. Bh6 Bd7 19. Bxf8 Kxf8 20. Rab1 Ke7 21. Rfd1 Bc6 22. Rd2 Rg8 23. Rbd1 f5 24. Re2 b5 25. Rf1 b4 26. Nd1 Bb5 27. exf5 Nxf3 0-1

[Event "Titled Tuesday 2021.01.19"]
[Site "chess.com INT"]
[Date "2021.01.19"]
[Round "3"]
[White "Zhigalko, Sergei"]
[Black "Preotu, Razvan"]
[Result "1-0"]
[WhiteElo "2572"]
[BlackElo "2487"]
[WhiteFideId "-1"]
[WhiteFideId "-1"]
[PlyCount "141"]
[GameId "2130307590133681"]
[EventDate "2021.01.19"]
[EventType "swiss (blitz)"]
[EventRounds "11"]
[EventCountry "NET"]
[SourceTitle "The Week in Chess 1368"]
[Source "Mark Crowther"]
[SourceDate "2021.01.25"]
[SourceVersion "2"]
[SourceVersionDate "2021.01.26"]
[SourceQuality "2"]

1. e4 c5 2. Nf3 d6 3. d4 cxd4 4. Qxd4 Nc6 5. Bb5 Bd7 6. Bxc6 Bxc6 7. Nc3 Nf6 8. Bg5 e6 9. O-O-O Be7 10. Rhe1 O-O 11. Kb1 h6 12. Bh4 b5 13. Bxf6 Bxf6 14. Qxd6 Qb6 15. Ne5 Bxe5 16. Qxe5 b4 17. Ne2 Qxf2 18. Nf4 Qh4 19. Nxe6 fxe6 20. Qxe6+ Kh8 21. Qxc6 Rac8 22. Qd7 Qxh2 23. Re2 Rc7 24. Qd4 Qh5 25. Red2 Rfc8 26. b3 Qg4 27. Re1 a5 28. Qe3 Rc3 29. Qe2 Qe6 30. e5 a4 31. Red1 Re8 32. Rd8 Rc8 33. Rxc8 Rxc8 34. Qe4 axb3 35. axb3 Re8 36. Re1 Rb8 37. Qd4 Qa6 38. e6 Ra8 39. Qb2 Re8 40. e7 Qd6 41. Qe5 Qxe5 42. Rxe5 Kg8 43. Re4 Kf7 44. Rxb4 Rxe7 45. Rf4+ Ke8 46. Rf2 g5 47. c4 Re3 48. Kb2 Ke7 49. Rd2 h5 50. c5 h4 51. b4 Re6 52. b5 g4 53. c6 Re5 54. c7 Rxb5+ 55. Kc1 Rc5+ 56. Kd1 Rxc7 57. Ke2 Kf6 58. Ra2 Kf5 59. Kf2 Rc4 60. Re2 g3+ 61. Kf1 Rc1+ 62. Re1 Rxe1+ 63. Kxe1 Ke4 64. Ke2 Kd4 65. Kf3 Kd3 66. Kg4 Ke4 67. Kxh4 Kf5 68. Kh3 Kg5 69. Kxg3 Kg6 70. Kg4 Kf6 71. Kh5 1-0

[Event "Titled Tuesday 2021.01.19"]
[Site "chess.com INT"]
[Date "2021.01.19"]
[Round "4"]
[White "Preotu, Razvan"]
[Black "Dobrikov, Marco"]
[Result "1-0"]
[WhiteElo "2487"]
[BlackElo "2301"]
[WhiteFideId "-1"]
[WhiteFideId "-1"]
[PlyCount "53"]
[GameId "2130307590137825"]
[EventDate "2021.01.19"]
[EventType "swiss (blitz)"]
[EventRounds "11"]
[EventCountry "NET"]
[SourceTitle "The Week in Chess 1368"]
[Source "Mark Crowther"]
[SourceDate "2021.01.25"]
[SourceVersion "2"]
[SourceVersionDate "2021.01.26"]
[SourceQuality "2"]

1. e4 c5 2. Nf3 d6 3. d4 cxd4 4. Nxd4 Nf6 5. Nc3 a6 6. Be3 e5 7. Nb3 Be6 8. f3 Nbd7 9. Qd2 h5 10. O-O-O Rc8 11. Kb1 g6 12. Bd3 b5 13. Rhe1 Be7 14. h3 h4 15. f4 exf4 16. Bxf4 Ne5 17. Nd4 Bd7 18. Nd5 Nxd5 19. exd5 Kf8 20. Bxe5 dxe5 21. Nf3 Be8 22. Nxe5 Qxd5 23. Qf4 Bd6 24. Qf6 Rh7 25. Nxg6+ Kg8 26. Ne7+ Bxe7 27. Bxh7+ 1-0

[Event "Titled Tuesday 2021.01.12"]
[Site "Chess.com INT"]
[Date "2021.01.12"]
[Round "1"]
[White "Tymrakiewicz, Rafal"]
[Black "Preotu, Razvan"]
[Result "0-1"]
[WhiteElo "2236"]
[BlackElo "2487"]
[WhiteFideId "-1"]
[WhiteFideId "-1"]
[PlyCount "56"]
[GameId "1606079934148608"]
[EventDate "2021.01.12"]
[EventType "swiss (blitz)"]
[EventRounds "11"]
[EventCountry "NET"]
[SourceTitle "CBM 200 Extra"]
[Source "ChessBase"]
[SourceDate "2021.03.31"]
[SourceVersion "1"]
[SourceVersionDate "2021.03.31"]
[SourceQuality "1"]

1. e4 c5 2. d4 cxd4 3. c3 dxc3 4. Nxc3 Nc6 5. Nf3 e6 6. Bc4 Bb4 7. O-O Nge7 8. Bg5 O-O 9. Rc1 h6 10. Be3 Bxc3 11. Rxc3 d5 12. Bd3 d4 13. Rxc6 Nxc6 14. Bf4 f6 15. e5 fxe5 16. Bg3 Qd5 17. Re1 Bd7 18. b3 Qa5 19. Qe2 Nb4 20. Bb1 d3 21. Qxe5 Qxe5 22. Nxe5 Bb5 23. Rd1 Rfd8 24. Bf4 Rac8 25. Bd2 Nd5 26. Bxd3 Bxd3 27. Nxd3 Nc3 28. Bxc3 Rxc3 0-1

[Event "Titled Tuesday 2021.01.12"]
[Site "Chess.com INT"]
[Date "2021.01.12"]
[Round "4"]
[White "Preotu, Razvan"]
[Black "Gogolev, Artem"]
[Result "1-0"]
[WhiteElo "2487"]
[BlackElo "2306"]
[WhiteFideId "-1"]
[WhiteFideId "-1"]
[PlyCount "71"]
[GameId "1606079937740800"]
[EventDate "2021.01.12"]
[EventType "swiss (blitz)"]
[EventRounds "11"]
[EventCountry "NET"]
[SourceTitle "CBM 200 Extra"]
[Source "ChessBase"]
[SourceDate "2021.03.31"]
[SourceVersion "1"]
[SourceVersionDate "2021.03.31"]
[SourceQuality "1"]

1. e4 c5 2. Nf3 Nf6 3. e5 Nd5 4. Nc3 e6 5. Ne4 f5 6. Nc3 Ne7 7. Nb5 Ng6 8. h4 Nc6 9. Nd6+ Bxd6 10. exd6 Qf6 11. c3 Nge5 12. d4 Nxf3+ 13. Qxf3 cxd4 14. Bf4 dxc3 15. bxc3 O-O 16. Bb5 e5 17. Qd5+ Qf7 18. Bxc6 bxc6 19. Qxf7+ Kxf7 20. Bxe5 Re8 21. f4 Rb8 22. O-O-O Ba6 23. Rd4 c5 24. Ra4 Rb6 25. c4 Reb8 26. Kc2 h5 27. Rh3 Bb7 28. Rxa7 Be4+ 29. Kc3 Rb2 30. Rxd7+ Ke8 31. Re7+ Kd8 32. Rd3 Rxa2 33. Rxg7 Ra3+ 34. Kc2 Rxd3 35. Bf6+ Kc8 36. Rc7# 1-0

[Event "Titled Tuesday 2021.01.12"]
[Site "Chess.com INT"]
[Date "2021.01.12"]
[Round "7"]
[White "Spiric, Igor"]
[Black "Preotu, Razvan"]
[Result "0-1"]
[WhiteElo "2241"]
[BlackElo "2487"]
[WhiteFideId "-1"]
[WhiteFideId "-1"]
[PlyCount "48"]
[GameId "1606079940370432"]
[EventDate "2021.01.12"]
[EventType "swiss (blitz)"]
[EventRounds "11"]
[EventCountry "NET"]
[SourceTitle "CBM 200 Extra"]
[Source "ChessBase"]
[SourceDate "2021.03.31"]
[SourceVersion "1"]
[SourceVersionDate "2021.03.31"]
[SourceQuality "1"]

1. Nf3 c5 2. b3 d6 3. Bb2 e5 4. e4 Nc6 5. c3 f5 6. d3 Nf6 7. Nbd2 Be7 8. Qc2 O-O 9. Be2 d5 10. exd5 Nxd5 11. O-O-O Nf4 12. Nc4 Bf6 13. g3 Nxe2+ 14. Qxe2 Re8 15. Rhe1 b5 16. Ne3 Be6 17. d4 exd4 18. Qxb5 Qb6 19. Qxb6 axb6 20. cxd4 Rxa2 21. d5 Bxb2+ 22. Kb1 Nb4 23. dxe6 Bc3 24. Nc2 Rb2+ 0-1

[Event "Titled Tuesday 2021.01.12"]
[Site "Chess.com INT"]
[Date "2021.01.12"]
[Round "8"]
[White "Preotu, Razvan"]
[Black "Rodchenkov, Sergey D"]
[Result "1-0"]
[WhiteElo "2487"]
[BlackElo "2346"]
[WhiteFideId "-1"]
[WhiteFideId "-1"]
[PlyCount "93"]
[GameId "1606079941763072"]
[EventDate "2021.01.12"]
[EventType "swiss (blitz)"]
[EventRounds "11"]
[EventCountry "NET"]
[SourceTitle "CBM 200 Extra"]
[Source "ChessBase"]
[SourceDate "2021.03.31"]
[SourceVersion "1"]
[SourceVersionDate "2021.03.31"]
[SourceQuality "1"]

1. e4 c5 2. Nf3 d6 3. d4 cxd4 4. Nxd4 Nf6 5. Nc3 a6 6. h3 e6 7. g4 d5 8. Nde2 Bb4 9. exd5 Nxd5 10. a3 Bxc3+ 11. Nxc3 Nxc3 12. Qxd8+ Kxd8 13. bxc3 Nc6 14. Be3 e5 15. Bb6+ Ke7 16. Bg2 Be6 17. O-O Rhc8 18. f4 f6 19. Rfe1 Rab8 20. a4 Kf7 21. a5 Re8 22. f5 Bc4 23. Ra4 Bb5 24. Bd5+ Ke7 25. Raa1 Nd8 26. Rad1 Rc8 27. Re3 Bc4 28. Bxc4 Rxc4 29. Red3 Nc6 30. Rd7+ Kf8 31. Rxb7 Rxc3 32. Rdd7 Re7 33. Rxe7 Nxe7 34. Ra7 Nd5 35. Rxa6 Rxc2 36. Bf2 Ra2 37. Ra8+ Ke7 38. a6 Nf4 39. Be3 Ne2+ 40. Kf2 Nd4+ 41. Kf1 Kd6 42. a7 Kc7 43. Rg8 Rxa7 44. Rxg7+ Kb6 45. Rxa7 Kxa7 46. Bxd4+ exd4 47. g5 1-0

[Event "Titled Tuesday 2021.01.12"]
[Site "chess.com INT"]
[Date "2021.01.12"]
[Round "2"]
[White "Preotu, Razvan"]
[Black "Agibileg, Uurtsaikh"]
[Result "1/2-1/2"]
[WhiteElo "2487"]
[BlackElo "2413"]
[WhiteFideId "-1"]
[WhiteFideId "-1"]
[PlyCount "101"]
[GameId "2130307590271903"]
[EventDate "2021.01.12"]
[EventType "swiss (blitz)"]
[EventRounds "11"]
[EventCountry "NET"]
[SourceTitle "The Week in Chess 1367"]
[Source "Mark Crowther"]
[SourceDate "2021.01.18"]
[SourceVersion "1"]
[SourceVersionDate "2021.01.18"]
[SourceQuality "2"]

1. e4 c5 2. Nf3 e6 3. c3 d5 4. exd5 Qxd5 5. d4 Nf6 6. Na3 cxd4 7. Nb5 Na6 8. Nbxd4 Be7 9. Be2 O-O 10. Bf4 Nd7 11. O-O e5 12. Nf5 Qe6 13. Nxe7+ Qxe7 14. Bg5 Qe6 15. Re1 f6 16. Be3 Kh8 17. Nd2 Nc7 18. Ne4 b6 19. Nd6 Nd5 20. Bc4 Qxd6 21. Bxd5 Rb8 22. Be4 Qxd1 23. Raxd1 Nc5 24. Bxc5 bxc5 25. b3 Bb7 26. Bxb7 Rxb7 27. Rd5 Rc8 28. Red1 Kg8 29. Rd7 Rcc7 30. Rxc7 Rxc7 31. Kf1 Kf7 32. Rd6 Ke7 33. Ra6 Rd7 34. Ke2 f5 35. Rc6 Rd5 36. Rc7+ Kf6 37. Rxa7 e4 38. Rc7 g5 39. Rxh7 Rd3 40. c4 Rc3 41. Rd7 Rc1 42. Rd6+ Ke7 43. Rd5 Ke6 44. g4 f4 45. Rxg5 Rc2+ 46. Ke1 Rxa2 47. Rxc5 Ra1+ 48. Kd2 Ra2+ 49. Ke1 Ra1+ 50. Ke2 Ra2+ 51. Ke1 1/2-1/2

[Event "Titled Tuesday 2021.01.12"]
[Site "chess.com INT"]
[Date "2021.01.12"]
[Round "3"]
[White "Wu, Derek"]
[Black "Preotu, Razvan"]
[Result "1/2-1/2"]
[WhiteElo "2198"]
[BlackElo "2487"]
[WhiteFideId "-1"]
[WhiteFideId "-1"]
[PlyCount "116"]
[GameId "2130307590276106"]
[EventDate "2021.01.12"]
[EventType "swiss (blitz)"]
[EventRounds "11"]
[EventCountry "NET"]
[SourceTitle "The Week in Chess 1367"]
[Source "Mark Crowther"]
[SourceDate "2021.01.18"]
[SourceVersion "1"]
[SourceVersionDate "2021.01.18"]
[SourceQuality "2"]

1. b3 e5 2. Bb2 Nc6 3. e3 Nf6 4. Bb5 Bd6 5. Na3 Na5 6. Be2 O-O 7. Nb5 Qe7 8. Nxd6 Qxd6 9. d4 exd4 10. Qxd4 Qxd4 11. Bxd4 Nc6 12. Bxf6 gxf6 13. O-O-O d6 14. Bd3 Be6 15. Ne2 Nb4 16. a3 Nxd3+ 17. Rxd3 Rfd8 18. Nf4 Kf8 19. Rhd1 Ke7 20. Nd5+ Bxd5 21. Rxd5 Rg8 22. g3 Rg5 23. f4 Rxd5 24. Rxd5 Kf8 25. Kd2 Kg7 26. c4 b6 27. Kd3 a5 28. g4 Re8 29. e4 h6 30. Kd4 Rb8 31. h3 Kh7 32. Rf5 Kg7 33. Kd5 Re8 34. Kc6 Rxe4 35. Kxc7 Re3 36. Rb5 a4 37. bxa4 Rxa3 38. Rb4 Rxh3 39. Kxb6 f5 40. gxf5 h5 41. a5 h4 42. a6 Ra3 43. a7 Kf6 44. Rb2 h3 45. Kb7 Kxf5 46. a8=Q Rxa8 47. Kxa8 Kxf4 48. Rf2+ Ke5 49. Rxf7 Kd4 50. Kb7 Kxc4 51. Kc6 d5 52. Rh7 d4 53. Rxh3 d3 54. Rh4+ Kc3 55. Kd5 d2 56. Rh1 Kc2 57. Kd4 d1=Q+ 58. Rxd1 Kxd1 1/2-1/2

[Event "Titled Tuesday 2021.01.12"]
[Site "chess.com INT"]
[Date "2021.01.12"]
[Round "5"]
[White "Pacan-Milej, Kosma"]
[Black "Preotu, Razvan"]
[Result "1-0"]
[WhiteElo "2436"]
[BlackElo "2487"]
[WhiteFideId "-1"]
[WhiteFideId "-1"]
[PlyCount "137"]
[GameId "2130307590284433"]
[EventDate "2021.01.12"]
[EventType "swiss (blitz)"]
[EventRounds "11"]
[EventCountry "NET"]
[SourceTitle "The Week in Chess 1367"]
[Source "Mark Crowther"]
[SourceDate "2021.01.18"]
[SourceVersion "1"]
[SourceVersionDate "2021.01.18"]
[SourceQuality "2"]

1. Nf3 c5 2. e4 d6 3. Bb5+ Nd7 4. Ba4 Ngf6 5. O-O e6 6. c4 Nxe4 7. Re1 Nef6 8. d4 cxd4 9. Nxd4 Be7 10. Nb5 Kf8 11. Nxd6 Nc5 12. Nxc8 Qxd1 13. Rxd1 Nxa4 14. Nxe7 Kxe7 15. b3 Rhd8 16. Ba3+ Ke8 17. Re1 Nb6 18. Nc3 a6 19. Bc5 Nbd7 20. Bd6 Rac8 21. Rad1 Rc6 22. f3 Nc5 23. Bg3 Nd3 24. Re3 Nb4 25. Rxd8+ Kxd8 26. Kf2 b5 27. a3 Nc2 28. Rd3+ Ke8 29. cxb5 axb5 30. Nxb5 Nd5 31. a4 Ncb4 32. Rd2 Rc1 33. Bd6 Nc6 34. Nc7+ Nxc7 35. Bxc7 Rb1 36. a5 Rxb3 37. Bb6 Ra3 38. Rd6 Nxa5 39. Rd8+ Ke7 40. Ra8 Rb3 41. Bxa5 h5 42. Bd8+ Kd6 43. h4 Rb2+ 44. Kg3 f6 45. Ra7 Ke5 46. Rxg7 Rd2 47. Bc7+ Kf5 48. Rh7 Kg6 49. Rh8 Rc2 50. Bf4 e5 51. Be3 Re2 52. Bc1 Rc2 53. Be3 Re2 54. Bc5 Rc2 55. Bf8 Rc7 56. Kh3 Rc8 57. g4 hxg4+ 58. Kxg4 Kf7 59. h5 Rxf8 60. Rxf8+ Kxf8 61. Kf5 Kg7 62. h6+ Kxh6 63. Kxf6 Kh5 64. Kxe5 Kg5 65. f4+ Kg6 66. Ke6 Kg7 67. f5 Kf8 68. Kf6 Ke8 69. Kg7 1-0

[Event "Titled Tuesday 2021.01.12"]
[Site "chess.com INT"]
[Date "2021.01.12"]
[Round "6"]
[White "Preotu, Razvan"]
[Black "Budrewicz, Krzysztof"]
[Result "0-1"]
[WhiteElo "2487"]
[BlackElo "2289"]
[WhiteFideId "-1"]
[WhiteFideId "-1"]
[PlyCount "105"]
[GameId "2130307590288612"]
[EventDate "2021.01.12"]
[EventType "swiss (blitz)"]
[EventRounds "11"]
[EventCountry "NET"]
[SourceTitle "The Week in Chess 1367"]
[Source "Mark Crowther"]
[SourceDate "2021.01.18"]
[SourceVersion "1"]
[SourceVersionDate "2021.01.18"]
[SourceQuality "2"]

1. e4 c5 2. Nf3 e6 3. c3 Nf6 4. e5 Nd5 5. d4 cxd4 6. cxd4 d6 7. Bc4 Nb6 8. Bd3 N8d7 9. exd6 Bxd6 10. Nc3 a6 11. O-O Nf6 12. Qe2 O-O 13. Bg5 h6 14. Bh4 Be7 15. Rad1 Bd7 16. Bb1 Nbd5 17. Ne5 Rc8 18. Nxd5 Nxd5 19. Qd3 f5 20. Bxe7 Nxe7 21. Rfe1 Bb5 22. Qa3 Nd5 23. Bd3 Bxd3 24. Nxd3 Re8 25. Nc5 Qb6 26. g3 Kf7 27. Qf3 Rcd8 28. Re2 Qc6 29. Rde1 Rd6 30. Nd3 Kg8 31. Ne5 Qc7 32. h4 Nf6 33. Ng6 Ne4 34. Rxe4 fxe4 35. Rxe4 Qf7 36. Qg4 Rd5 37. h5 Qf5 38. Qxf5 Rxf5 39. g4 Rd5 40. Nf4 Rd6 41. Ne2 Kf7 42. f4 Rc8 43. Kf2 Rc2 44. Ke3 Rxb2 45. Nc3 Rg2 46. f5 exf5 47. gxf5 Rh2 48. Re5 Rxh5 49. Ne4 Rh3+ 50. Kf4 Rxd4 51. Kg4 Re3 52. Kf4 Rexe4+ 53. Rxe4 0-1

[Event "Pan American Intercollegiate-chT"]
[Site "Chess.com INT"]
[Date "2021.01.05"]
[Round "6"]
[White "Preotu, Razvan"]
[Black "Vorontsov, Pavlo"]
[Result "1-0"]
[WhiteElo "2487"]
[BlackElo "2540"]
[WhiteFideId "-1"]
[WhiteFideId "-1"]
[PlyCount "97"]
[GameId "1603522350592000"]
[EventDate "2021.01.04"]
[EventType "team-swiss (rapid)"]
[EventRounds "9"]
[EventCountry "USA"]
[SourceTitle "CBM 200 Extra"]
[Source "ChessBase"]
[SourceDate "2021.03.31"]
[SourceVersion "1"]
[SourceVersionDate "2021.03.31"]
[SourceQuality "1"]
[WhiteTeam "Texas Dallas Univ"]
[BlackTeam "Texas Tech Univ"]
[WhiteTeamCountry "USA"]
[BlackTeamCountry "USA"]

1. e4 e5 2. Nf3 d6 3. d4 exd4 4. Nxd4 Nf6 5. Nc3 Be7 6. g3 O-O 7. Bg2 Re8 8. O-O Bf8 9. h3 c6 10. g4 Na6 11. g5 Nd7 12. f4 Nac5 13. Nf5 Nb6 14. Ne3 a5 15. a4 d5 16. exd5 cxd5 17. Nexd5 Nxd5 18. Nxd5 Bf5 19. Ne3 Be4 20. Qxd8 Raxd8 21. Bxe4 Rxe4 22. b3 Ne6 23. Nc4 Bc5+ 24. Kh1 Re2 25. f5 Nd4 26. Be3 Nxc2 27. Bxc5 Nxa1 28. Rxa1 Rd3 29. Nxa5 Rxh3+ 30. Kg1 Rg3+ 31. Kf1 Re5 32. b4 Rxf5+ 33. Ke2 Re5+ 34. Kd2 Rgxg5 35. Nxb7 Rg3 36. a5 Rh5 37. Re1 f5 38. Re8+ Kf7 39. Nd6+ Kg6 40. Re6+ Kg5 41. Nf7+ Kg4 42. Ne5+ Kg5 43. Be7+ Kf4 44. Nd3+ Kg4 45. a6 Rg1 46. Nf2+ Kf3 47. Re3+ Kxf2 48. Bc5 Rh2 49. Re2+ 1-0

[Event "Pan American Intercollegiate-chT"]
[Site "Chess.com INT"]
[Date "2021.01.06"]
[Round "7"]
[White "Gordievsky, Dmitry"]
[Black "Preotu, Razvan"]
[Result "0-1"]
[WhiteElo "2559"]
[BlackElo "2487"]
[WhiteFideId "-1"]
[WhiteFideId "-1"]
[PlyCount "46"]
[GameId "1603522351190016"]
[EventDate "2021.01.04"]
[EventType "team-swiss (rapid)"]
[EventRounds "9"]
[EventCountry "USA"]
[SourceTitle "CBM 200 Extra"]
[Source "ChessBase"]
[SourceDate "2021.03.31"]
[SourceVersion "1"]
[SourceVersionDate "2021.03.31"]
[SourceQuality "1"]
[WhiteTeam "Missouri Univ"]
[BlackTeam "Texas Dallas Univ"]
[WhiteTeamCountry "USA"]
[BlackTeamCountry "USA"]

1. c4 g6 2. g3 c5 3. Bg2 Bg7 4. Nc3 Nc6 5. Nf3 d6 6. O-O Bf5 7. a3 Qd7 8. b4 Bh3 9. Bxh3 Qxh3 10. Bb2 Nh6 11. Qb1 Ng4 12. Nd5 Bxb2 13. Nf4 Qh6 14. Qxb2 O-O 15. bxc5 e5 16. h3 exf4 17. hxg4 Qh3 18. cxd6 Rae8 19. Rae1 fxg3 20. fxg3 Ne5 21. Qxb7 Qxg3+ 22. Kh1 Nxg4 23. d7 Re5 0-1

[Event "Pan-Am Intercol. Online"]
[Site "chess.com INT"]
[Date "2021.01.04"]
[Round "3"]
[White "Vaidya, Atulya"]
[Black "Preotu, Razvan"]
[Result "1/2-1/2"]
[WhiteElo "2154"]
[BlackElo "2487"]
[WhiteFideId "-1"]
[WhiteFideId "-1"]
[PlyCount "89"]
[GameId "2130307590535150"]
[EventDate "2021.01.04"]
[EventType "team (rapid)"]
[EventRounds "9"]
[EventCountry "USA"]
[SourceTitle "The Week in Chess 1366"]
[Source "Mark Crowther"]
[SourceDate "2021.01.11"]
[SourceVersion "1"]
[SourceVersionDate "2021.01.11"]
[SourceQuality "2"]
[WhiteTeam "UTAUSTIN"]
[BlackTeam "UTD_A"]

1. d4 Nf6 2. c4 g6 3. Nc3 d5 4. Nf3 Bg7 5. Bg5 Ne4 6. cxd5 Nxg5 7. Nxg5 e6 8. Qd2 h6 9. Nh3 exd5 10. g3 O-O 11. Bg2 Nc6 12. e3 Ne7 13. O-O c6 14. Rad1 Nf5 15. Rfe1 Re8 16. Nf4 h5 17. Na4 Qd6 18. Nc5 b6 19. Ncd3 Bd7 20. Rc1 Qe7 21. b4 Nd6 22. a4 Ne4 23. Qd1 Qd6 24. Qb3 a6 25. Rc2 h4 26. Rec1 hxg3 27. hxg3 g5 28. Ne2 Bf6 29. Nc3 Kg7 30. b5 axb5 31. axb5 Ra3 32. Qb4 Qxb4 33. Nxb4 Rxc3 34. Bxe4 Rxc2 35. Bxc2 c5 36. dxc5 bxc5 37. Nxd5 Be5 38. Bd3 Bd6 39. Nc3 Rc8 40. Ne4 Be7 41. b6 Bc6 42. Nxc5 Bd5 43. e4 Rxc5 44. Rxc5 Bxc5 45. exd5 1/2-1/2

[Event "Pan-Am Intercol. Online"]
[Site "chess.com INT"]
[Date "2021.01.05"]
[Round "4"]
[White "Preotu, Razvan"]
[Black "Potula, Kapish"]
[Result "1-0"]
[WhiteElo "2487"]
[BlackElo "1993"]
[WhiteFideId "-1"]
[WhiteFideId "-1"]
[PlyCount "59"]
[GameId "2130307590539303"]
[EventDate "2021.01.04"]
[EventType "team (rapid)"]
[EventRounds "9"]
[EventCountry "USA"]
[SourceTitle "The Week in Chess 1366"]
[Source "Mark Crowther"]
[SourceDate "2021.01.11"]
[SourceVersion "1"]
[SourceVersionDate "2021.01.11"]
[SourceQuality "2"]
[WhiteTeam "UTD_A"]
[BlackTeam "GATECH_A"]

1. e4 e6 2. d4 d5 3. Nc3 Nf6 4. e5 Nfd7 5. f4 c5 6. Nf3 Nc6 7. Be3 cxd4 8. Nxd4 Bc5 9. Qd2 a6 10. O-O-O O-O 11. Qf2 Nxd4 12. Bxd4 Qc7 13. Bd3 b5 14. Qh4 g6 15. Ne2 b4 16. Rhf1 Bb7 17. g4 a5 18. Kb1 Rfc8 19. f5 Nxe5 20. fxe6 fxe6 21. Qf6 Bxd4 22. Qxe6+ Kh8 23. Nxd4 Nxd3 24. Rxd3 Re8 25. Qf6+ Qg7 26. Rdf3 Qxf6 27. Rxf6 Re7 28. Ne6 Rae8 29. Rf8+ Rxf8 30. Rxf8# 1-0

[Event "Pan-Am Intercol. Online"]
[Site "chess.com INT"]
[Date "2021.01.05"]
[Round "5"]
[White "Eswaran, Ashritha"]
[Black "Preotu, Razvan"]
[Result "0-1"]
[WhiteElo "2244"]
[BlackElo "2487"]
[WhiteFideId "-1"]
[WhiteFideId "-1"]
[PlyCount "110"]
[GameId "2130307590539346"]
[EventDate "2021.01.04"]
[EventType "team (rapid)"]
[EventRounds "9"]
[EventCountry "USA"]
[SourceTitle "The Week in Chess 1366"]
[Source "Mark Crowther"]
[SourceDate "2021.01.11"]
[SourceVersion "1"]
[SourceVersionDate "2021.01.11"]
[SourceQuality "2"]
[WhiteTeam "CAL_B"]
[BlackTeam "UTD_A"]

1. e4 c5 2. Nf3 d6 3. d4 cxd4 4. Nxd4 Nf6 5. Nc3 a6 6. Be3 e5 7. Nf3 Be7 8. Bc4 O-O 9. O-O Nc6 10. Bb3 Be6 11. Qe2 Na5 12. Rfd1 Nxb3 13. cxb3 Qe8 14. Bg5 Nh5 15. Bxe7 Qxe7 16. Qe3 Rfd8 17. Rd2 Nf6 18. Rad1 Rac8 19. Ne1 Rc6 20. Nd3 Rd7 21. Nb4 Rc8 22. Nbd5 Nxd5 23. Nxd5 Bxd5 24. Rxd5 Rc6 25. h3 g6 26. b4 b5 27. f4 exf4 28. Qxf4 Rc4 29. R5d4 Rxd4 30. Rxd4 Qe6 31. a3 Kg7 32. Kh2 Qf6 33. Qd2 Qe5+ 34. Kh1 Rc7 35. Rxd6 Rc4 36. Rd5 Qxe4 37. Rc5 Rd4 38. Qc3 f6 39. Rc7+ Kh6 40. Qc1+ g5 41. Rc6 Kg6 42. Rxa6 Rd3 43. Kh2 Qe5+ 44. Kh1 Re3 45. Qf1 Re1 46. Rxf6+ Kh5 47. Rf5 Rxf1+ 48. Rxf1 Kh4 49. Rf3 h5 50. Rc3 g4 51. hxg4 hxg4 52. Rc1 Qe3 53. Rf1 Kg3 54. Rd1 Qe2 55. Rg1 Qc2 0-1

[Event "Pan-Am Intercol. Online"]
[Site "chess.com INT"]
[Date "2021.01.06"]
[Round "8"]
[White "Preotu, Razvan"]
[Black "Mohammadi, Sina"]
[Result "1-0"]
[WhiteElo "2487"]
[BlackElo "1807"]
[WhiteFideId "-1"]
[WhiteFideId "-1"]
[PlyCount "121"]
[GameId "2130307590551883"]
[EventDate "2021.01.04"]
[EventType "team (rapid)"]
[EventRounds "9"]
[EventCountry "USA"]
[SourceTitle "The Week in Chess 1366"]
[Source "Mark Crowther"]
[SourceDate "2021.01.11"]
[SourceVersion "1"]
[SourceVersionDate "2021.01.11"]
[SourceQuality "2"]
[WhiteTeam "UTD_A"]
[BlackTeam "STANFORD"]

1. e4 c5 2. Nf3 e6 3. c3 d5 4. exd5 Qxd5 5. d4 Nf6 6. Na3 cxd4 7. Nb5 Na6 8. Nbxd4 Be7 9. Bb5+ Bd7 10. Bxd7+ Qxd7 11. Ne5 Qd5 12. Qa4+ Nd7 13. Nxd7 Qxd7 14. Qxd7+ Kxd7 15. Be3 Rhd8 16. O-O-O Ke8 17. Nb5 b6 18. Rxd8+ Bxd8 19. Rd1 Nc7 20. Nd6+ Kf8 21. c4 Be7 22. Bf4 Ne8 23. Nb5 a6 24. Nc3 Rc8 25. Be3 b5 26. cxb5 axb5 27. Kb1 b4 28. Nb5 Nf6 29. Na7 Rc7 30. Rc1 Rxc1+ 31. Kxc1 Nd5 32. Bd4 g6 33. Nc6 Bd6 34. g3 Ke8 35. Kd2 Kd7 36. Ne5+ Ke7 37. Nd3 Kd7 38. Kc2 Kc6 39. Kb3 Kb5 40. a4+ bxa3 41. bxa3 Nb6 42. Nb2 Kc6 43. a4 e5 44. Bxb6 Kxb6 45. Nc4+ Kc5 46. Nxd6 Kxd6 47. Kc4 Kc6 48. g4 f5 49. gxf5 gxf5 50. h4 h5 51. a5 e4 52. Kd4 Kb5 53. Ke5 Kxa5 54. Kxf5 Kb5 55. Kxe4 Kc6 56. Ke5 Kd7 57. Kf6 Ke8 58. f4 Kf8 59. f5 Kg8 60. Ke7 Kg7 61. f6+ 1-0